000 00848cab a2200277 4500
001 WB3211-06
008 090401t1996 xxu||||| |||| 00| 0 eng d
035 _a(Sirsi) u50619
041 _aeng
245 _aTechnology cuts cost of refurbs
260 _c1996
350 _a0
490 _aEstates Times
_v(1315) 8 March 1996, 4(1)
520 _aBuilding technology can help make refurbishments viable according to a Knight Frank seminar, `Offices: recycle/revalue, returning 60s and 70s buildings to profit`.
650 _a1960S BUILDINGS
650 _a1970S BUILDINGS
650 _aBUILDING TECHNOLOGY
650 _aOBSOLESCENCE
650 _aOFFICES
650 _aREFURBISHMENT COSTS
650 _aRefurbishment
_96264
650 _aVIABILITY
690 _aCOMMERCIAL PROPERTY-MANAGEMENT
942 _n0
948 _c04/03/1997
999 _c31586
_d31586